| 000 | 00631nam a22001937a 4500 | ||
|---|---|---|---|
| 005 | 20211025120229.0 | ||
| 008 | 211025b sp ||||| |||| 00| 0 spa d | ||
| 020 | _a9788493818340 | ||
| 050 | 0 | 4 |
_aN6494.O6 _bI48 2010 |
| 245 | 0 | 0 |
_aIlusiones ópticas _b : = ilusoes de óptica _c/ traducción Cillero & de Mota |
| 246 | 1 | 1 | _a Ilusoes de óptica |
| 250 | _a1a ed. | ||
| 260 |
_aMadrid : _bIlusbooks, _c2010- |
||
| 546 | _aTextos en Inglés, Español, Italiano, Portugués | ||
| 650 | 7 |
_2lemb _aArte óptico _xExposiciones |
|
| 650 | 7 |
_2lemb _aImágenes ópticas |
|
| 710 | 1 |
_aCillero & de Motta _etraductor |
|
| 942 |
_2lcc _cLIB |
||
| 999 |
_c158293 _d158291 |
||